| 000 | 00610nam a2200169 a 4500 | ||
|---|---|---|---|
| 001 | 000027746 | ||
| 005 | 20200930031049.0 | ||
| 008 | 110404s1999 dr 000 0 spa d | ||
| 040 |
_aDO-SdBNP _bspa _cBNPHU |
||
| 100 | 1 |
_aCruz, Domingo A. de la _954824 |
|
| 245 | 1 | 0 |
_aLiberales y conservadores en 12 años de cultura dominicana / _cDomingo A. de la Cruz. |
| 260 |
_aSanto Domingo : _bEditora Gráffi Caribe, _c1999. |
||
| 300 |
_a430 P. ; _c22 cm. |
||
| 500 | _aIncuye datos biográficos del autor en la solapa | ||
| 500 | _aIncluye referencias bibliográficas y notas al pie de las páginas | ||
| 049 | _aBNPD | ||
| 999 |
_c27238 _d27238 |
||